[Event "CCCSA IM Norm B 2019"]
[Site "Charlotte"]
[Date "2019.06.08"]
[Round "6.1"]
[White "Francisco, Richard"]
[Black "Ynojosa Aponte, Felix Jose"]
[Result "1/2-1/2"]
[WhiteElo "2226"]
[BlackElo "2386"]
[Annotator "ChessBase"]
[PlyCount "107"]
[EventDate "2019.06.05"]
[EventType "tourn"]
[EventCountry "USA"]
[SourceTitle "playchess.com"]
[Source "ChessBase"]
[SourceQuality "1"]
[TimeControl "5400+30"]

1. e4 {[%emt 0:00:00]} c5 {[%emt 0:19:23]} 2. Nf3 {[%emt 0:00:00]} Nc6 {[%emt 0:00:02]} 3. d4 {[%emt 0:00:04]} cxd4 {[%emt 0:00:03]} 4. Nxd4 {[%emt 0:00:07]} e5 {[%emt 0:00:03]} 5. Nb5 {[%emt 0:00:53]} d6 {[%emt 0:00:02]} 6. N1c3 {[%emt 0:00:10]} a6 {[%emt 0:00:01]} 7. Na3 {[%emt 0:00:09]} b5 {[%emt 0:00:02]} 8. Nd5 {[%emt 0:00:11]} Nce7 {[%emt 0:00:19]} 9. c4 {[%emt 0:00:35]} Nxd5 {[%emt 0:00:02]} 10. exd5 {[%emt 0:00:09]} bxc4 {[%emt 0:00:01]} 11. Nxc4 {[%emt 0:00:10]} Be7 {[%emt 0:00:03]} 12. Be3 {[%emt 0:00:31]} Rb8 {[%emt 0:00:10]} 13. Be2 {[%emt 0:00:26]} f5 {[%emt 0:00:11]} 14. f4 {[%emt 0:00:50]} exf4 {[%emt 0:00:09]} 15. Bxf4 {[%emt 0:00:07]} Nf6 {[%emt 0:00:01]} 16. Bf3 {[%emt 0:01:29]} O-O {[%emt 0:00:39]} 17. O-O {[%emt 0:00:13]} Rf7 {[%emt 0:02:47]} 18. Qe1 {[%emt 0:07:48]} Bb7 {[%emt 0:07:13]} 19. Rd1 {[%emt 0:00:57]} Qc7 {[%emt 0:03:15]} 20. b3 {[%emt 0:00:56]} Bf8 {[%emt 0:01:34]} 21. Qg3 {[%emt 0:06:01]} Rd8 {[%emt 0:00:03]} 22. Rfe1 {[%emt 0:06:41]} Qc5+ {[%emt 0:01:38]} 23. Be3 {[%emt 0:02:44]} Qb5 {[%emt 0:00:25]} 24. Bg5 {[%emt 0:20:36]} h6 {[%emt 0:02:10]} 25. Bxh6 {[%emt 0:06:15]} Nxd5 {[%emt 0:03:45]} 26. Bh5 {[%emt 0:06:24]} Rc7 {[%emt 0:04:34]} 27. Bg5 {[%emt 0:02:57]} f4 {[%emt 0:08:02]} 28. Qg4 {[%emt 0:08:55]} Bc8 {[%emt 0:09:17]} 29. Qh4 {[%emt 0:09:48]} Nf6 {[%emt 0:00:12]} 30. Bg6 {[%emt 0:02:10]} f3 {[%emt 0:07:08]} 31. gxf3 {[%emt 0:01:08]} d5 {[%emt 0:01:18]} 32. Bf4 {[%emt 0:02:57]} Rb7 {[%emt 0:03:30]} 33. Ne5 {[%emt 0:00:33]} Bb4 {[%emt 0:00:28]} 34. Bd3 {[%emt 0:01:03]} Bxe1 {[%emt 0:01:36]} 35. Rxe1 {[%emt 0:02:16]} Qb4 {[%emt 0:04:52]} 36. Bh7+ {[%emt 0:04:45]} Kf8 {[%emt 0:01:32]} 37. Bb1 {[%emt 0:01:13]} Kg8 {[%emt 0:01:42]} 38. Ng6 {[%emt 0:00:40]} Kf7 {[%emt 0:01:36]} 39. Kh1 {[%emt 0:03:33]} Qc3 {[%emt 0:02:18]} 40. Ne5+ {[%emt 0:00:29]} Kg8 {[%emt 0:00:19]} 41. Bh7+ {[%emt 0:01:39]} Kf8 {[%emt 0:00:35]} 42. Ng6+ {[%emt 0:01:12]} Kf7 {[%emt 0:00:02]} 43. Ne5+ {[%emt 0:00:10]} Kf8 {[%emt 0:00:05]} 44. Bd3 {[%emt 0:01:12]} Kg8 {[%emt 0:05:33]} 45. Bh7+ {[%emt 0:00:05]} Kf8 {[%emt 0:00:04]} 46. Bb1 {[%emt 0:00:05]} Kg8 {[%emt 0:01:47]} 47. Rg1 {[%emt 0:00:00]} Rf8 {[%emt 0:00:15]} 48. Rc1 {[%emt 0:00:00]} Qd4 {[%emt 0:01:07]} 49. Ng6 {[%emt 0:00:12]} Re8 {[%emt 0:00:29]} 50. Rxc8 {[%emt 0:00:14]} Qd1+ {[%emt 0:00:28]} 51. Kg2 {[%emt 0:00:05]} Qe2+ {[%emt 0:00:02]} 52. Kg1 {[%emt 0:00:13]} Qd1+ {[%emt 0:01:33]} 53. Kg2 {[%emt 0:00:04]} Qe2+ {[%emt 0:02:25]} 54. Kg1 {[%emt 0:00:07]} 1/2-1/2

[Event "CCCSA IM Norm B 2019"]
[Site "Charlotte"]
[Date "2019.06.08"]
[Round "6.2"]
[White "Dukic, Zachary"]
[Black "Kumar, Nikhil"]
[Result "0-1"]
[WhiteElo "2224"]
[BlackElo "2257"]
[Annotator "NA"]
[PlyCount "82"]
[EventDate "2019.06.05"]
[EventType "tourn"]
[EventCountry "USA"]
[SourceTitle "playchess.com"]
[Source "ChessBase"]
[SourceQuality "1"]
[TimeControl "5400+30"]

1. e4 {[%emt 0:00:00]} e5 {[%emt 0:00:00]} 2. Nf3 {[%emt 0:00:00]} Nc6 {[%emt 0:00:00]} 3. Bb5 {[%emt 0:00:00]} a6 {[%emt 0:00:00]} 4. Ba4 {[%emt 0:00:00]} Nf6 {[%emt 0:00:19]} 5. O-O {[%emt 0:00:00]} Be7 {[%emt 0:00:17]} 6. d3 {[%emt 0:00:00]} b5 {[%emt 0:00:09]} 7. Bb3 {[%emt 0:00:03]} O-O {[%emt 0:00:14]} 8. Nc3 {[%emt 0:00:03]} d6 {[%emt 0:00:42]} 9. a3 {[%emt 0:00:05]} Bg4 {[%emt 0:00:26]} 10. Be3 {[%emt 0:00:06]} Nd4 {[%emt 0:00:05]} 11. Bxd4 {[%emt 0:00:05]} exd4 {[%emt 0:00:07]} 12. Nd5 {[%emt 0:00:04]} c5 {[%emt 0:00:08]} 13. h3 {[%emt 0:00:09]} Be6 {[%emt 0:00:05]} 14. Nf4 {[%emt 0:00:05]} Bxb3 {[%emt 0:01:03]} 15. cxb3 {[%emt 0:00:09]} Qd7 {[%emt 0:00:15]} 16. b4 {[%emt 0:04:25]} Rfe8 {[%emt 0:01:01]} 17. a4 {[%emt 0:05:31]} Bf8 {[%emt 0:07:58]} 18. bxc5 {[%emt 0:04:23]} dxc5 {[%emt 0:00:38]} 19. axb5 {[%emt 0:00:12]} axb5 {[%emt 0:16:29]} 20. Qb3 {[%emt 0:00:08]} Rxa1 {[%emt 0:15:27]} 21. Rxa1 {[%emt 0:00:10]} Nxe4 {[%emt 0:04:19]} 22. dxe4 {[%emt 0:06:30]} c4 {[%emt 0:01:21]} 23. Qd1 {[%emt 0:13:18]} Rxe4 {[%emt 0:00:12]} 24. Ne2 {[%emt 0:00:09]} d3 {[%emt 0:01:10]} 25. Ng3 {[%emt 0:02:50]} Re8 {[%emt 0:00:27]} 26. Nd2 {[%emt 0:11:59]} Qd4 {[%emt 0:02:33]} 27. Qf3 {[%emt 0:25:48]} Qxb2 {[%emt 0:12:53]} 28. Ra7 {[%emt 0:00:08]} Qf6 {[%emt 0:00:16]} 29. Nf5 {[%emt 0:04:00]} Qg6 {[%emt 0:11:56]} 30. Ne4 {[%emt 0:05:59]} Kh8 {[%emt 0:04:01]} 31. h4 {[%emt 0:02:02]} h6 {[%emt 0:01:11]} 32. Rc7 {[%emt 0:04:38]} Qe6 {[%emt 0:01:25]} 33. Neg3 {[%emt 0:07:07]} d2 {[%emt 0:03:01]} 34. Ne3 {[%emt 0:01:03]} Bd6 {[%emt 0:00:41]} 35. Rc6 {[%emt 0:00:41]} Qe5 {[%emt 0:03:43]} 36. Ngf1 {[%emt 0:02:05]} c3 {[%emt 0:02:09]} 37. Ng4 {[%emt 0:02:03]} Qe4 {[%emt 0:02:32]} 38. Qxe4 {[%emt 0:01:13]} Rxe4 {[%emt 0:00:04]} 39. Nge3 {[%emt 0:00:38]} Be5 {[%emt 0:01:42]} 40. Rc8+ {[%emt 0:00:55]} Kh7 {[%emt 0:00:07]} 41. Rd8 {[%emt 0:00:48]} Rd4 {[%emt 0:01:07]} 0-1

[Event "CCCSA IM Norm B 2019"]
[Site "Charlotte"]
[Date "2019.06.08"]
[Round "6.3"]
[White "Lokander, Martin"]
[Black "Kolay, Alex"]
[Result "1/2-1/2"]
[WhiteElo "2429"]
[BlackElo "2274"]
[Annotator "ChessBase"]
[PlyCount "55"]
[EventDate "2019.06.05"]
[EventType "tourn"]
[EventCountry "USA"]
[SourceTitle "playchess.com"]
[Source "ChessBase"]
[SourceQuality "1"]
[TimeControl "5400+30"]

1. c4 {[%emt 0:02:51]} Nf6 {[%emt 0:00:00]} 2. Nf3 {[%emt 0:00:16]} c6 {[%emt 0:00:00]} 3. e3 {[%emt 0:00:09]} d5 {[%emt 0:00:06]} 4. Nc3 {[%emt 0:00:05]} g6 {[%emt 0:01:15]} 5. d4 {[%emt 0:00:16]} Bg7 {[%emt 0:00:12]} 6. Be2 {[%emt 0:00:04]} O-O {[%emt 0:00:12]} 7. O-O {[%emt 0:00:04]} dxc4 {[%emt 0:00:18]} 8. Bxc4 {[%emt 0:00:06]} Bg4 {[%emt 0:00:10]} 9. h3 {[%emt 0:00:28]} Bxf3 {[%emt 0:00:08]} 10. Qxf3 {[%emt 1:30:41]} Nbd7 {[%emt 0:00:10]} 11. Rd1 {[%emt 0:00:00]} e5 {[%emt 0:00:09]} 12. d5 {[%emt 0:00:00]} e4 {[%emt 0:00:15]} 13. Nxe4 {[%emt 0:00:00]} Nxe4 {[%emt 0:00:12]} 14. Qxe4 {[%emt 0:00:00]} Nb6 {[%emt 0:00:13]} 15. Qc2 {[%emt 0:00:00]} cxd5 {[%emt 0:12:56]} 16. Be2 {[%emt 0:00:00]} Qf6 {[%emt 0:01:37]} 17. Rb1 {[%emt 0:00:00]} Rac8 {[%emt 0:10:40]} 18. Qb3 {[%emt 0:00:00]} Qc6 {[%emt 0:04:46]} 19. Bd2 {[%emt 0:00:00]} Qa4 {[%emt 0:17:27]} 20. Qxa4 {[%emt 0:00:00]} Nxa4 {[%emt 0:00:23]} 21. Bb4 {[%emt 0:00:00]} Rfd8 {[%emt 0:01:52]} 22. Rd2 {[%emt 0:00:00]} Bf6 {[%emt 0:14:00]} 23. Bf3 {[%emt 0:00:00]} d4 {[%emt 0:01:47]} 24. exd4 {[%emt 0:00:00]} Rxd4 {[%emt 0:00:56]} 25. Rxd4 {[%emt 0:00:00]} Bxd4 {[%emt 0:00:09]} 26. b3 {[%emt 0:00:00]} Nc3 {[%emt 0:06:01]} 27. Bxc3 {[%emt 0:00:00]} Rxc3 {[%emt 0:00:26]} 28. Rd1 {[%emt 0:00:00]} 1/2-1/2

[Event "CCCSA IM Norm B 2019"]
[Site "Charlotte"]
[Date "2019.06.08"]
[Round "6.4"]
[White "Zapata, Alonso"]
[Black "Homa, Seth"]
[Result "1-0"]
[WhiteElo "2427"]
[BlackElo "2300"]
[Annotator "ChessBase"]
[PlyCount "81"]
[EventDate "2019.06.05"]
[EventType "tourn"]
[EventCountry "USA"]
[SourceTitle "playchess.com"]
[Source "ChessBase"]
[SourceQuality "1"]
[TimeControl "5400+30"]

1. e4 {[%emt 0:09:30]} c5 {[%emt 0:01:07]} 2. Nf3 {[%emt 0:00:05]} Nc6 {[%emt 0:00:12]} 3. d4 {[%emt 0:00:10]} cxd4 {[%emt 0:00:08]} 4. Nxd4 {[%emt 0:00:05]} e5 {[%emt 0:01:08]} 5. Nb5 {[%emt 0:00:14]} d6 {[%emt 0:00:10]} 6. c4 {[%emt 0:00:51]} Be7 {[%emt 0:00:45]} 7. N1c3 {[%emt 0:00:06]} a6 {[%emt 0:00:22]} 8. Na3 {[%emt 0:00:12]} f5 {[%emt 0:00:48]} 9. Bd3 {[%emt 0:00:47]} f4 {[%emt 0:00:42]} 10. g3 {[%emt 0:00:25]} Nf6 {[%emt 0:00:26]} 11. gxf4 {[%emt 0:00:05]} exf4 {[%emt 0:00:15]} 12. Bxf4 {[%emt 0:00:05]} O-O {[%emt 0:00:09]} 13. Bg3 {[%emt 0:00:58]} Bh3 {[%emt 0:00:13]} 14. Bf1 {[%emt 0:05:11]} Qd7 {[%emt 0:00:29]} 15. Nc2 {[%emt 0:02:15]} Rae8 {[%emt 0:01:21]} 16. Ne3 {[%emt 0:01:46]} Rf7 {[%emt 0:00:17]} 17. Qd3 {[%emt 0:13:14]} Bf8 {[%emt 0:16:26]} 18. O-O-O {[%emt 0:01:48]} Bxf1 {[%emt 0:00:40]} 19. Rhxf1 {[%emt 0:00:52]} Nb4 {[%emt 0:07:09]} 20. Qd2 {[%emt 0:03:05]} Qc6 {[%emt 0:00:55]} 21. f3 {[%emt 0:05:27]} Qc5 {[%emt 0:05:50]} 22. Kb1 {[%emt 0:04:32]} b5 {[%emt 0:02:33]} 23. Ncd5 {[%emt 0:08:44]} a5 {[%emt 0:03:46]} 24. Rc1 {[%emt 0:03:37]} Nbxd5 {[%emt 0:11:03]} 25. cxd5 {[%emt 0:00:31]} Qa7 {[%emt 0:00:02]} 26. Nf5 {[%emt 0:04:19]} Nh5 {[%emt 0:00:25]} 27. Qg5 {[%emt 0:03:12]} g6 {[%emt 0:02:44]} 28. Nxd6 {[%emt 0:00:28]} Bxd6 {[%emt 0:06:23]} 29. Bxd6 {[%emt 0:00:24]} Qd4 {[%emt 0:00:06]} 30. Rcd1 {[%emt 0:05:37]} Qc4 {[%emt 0:00:22]} 31. Qc1 {[%emt 0:00:56]} Qe2 {[%emt 0:00:35]} 32. Qc2 {[%emt 0:00:43]} Qe3 {[%emt 0:00:11]} 33. Bc5 {[%emt 0:03:12]} Qf4 {[%emt 0:00:38]} 34. Bd4 {[%emt 0:01:39]} Nf6 {[%emt 0:01:11]} 35. Qc6 {[%emt 0:01:58]} Nd7 {[%emt 0:02:29]} 36. Qxb5 {[%emt 0:00:51]} Rb8 {[%emt 0:01:20]} 37. Qxa5 {[%emt 0:02:34]} Ne5 {[%emt 0:01:00]} 38. Bxe5 {[%emt 0:10:57]} Qxe5 {[%emt 0:00:03]} 39. Rd2 {[%emt 0:00:37]} Rfb7 {[%emt 0:01:24]} 40. Qa3 {[%emt 0:00:20]} Rb5 {[%emt 0:06:23]} 41. Rc1 {[%emt 0:00:48]} 1-0

[Event "CCCSA IM Norm B 2019"]
[Site "Charlotte"]
[Date "2019.06.08"]
[Round "6.5"]
[White "Mishra, Abhimanyu"]
[Black "Sinha, Sahil"]
[Result "0-1"]
[WhiteElo "2227"]
[BlackElo "2283"]
[Annotator "NA"]
[PlyCount "90"]
[EventDate "2019.06.05"]
[EventType "tourn"]
[EventCountry "USA"]
[SourceTitle "playchess.com"]
[Source "ChessBase"]
[SourceQuality "1"]
[TimeControl "5400+30"]

1. e4 {[%emt 0:00:00]} c5 {[%emt 0:00:00]} 2. Nf3 {[%emt 0:00:00]} d6 {[%emt 0:00:00]} 3. d4 {[%emt 0:00:00]} cxd4 {[%emt 0:00:00]} 4. Nxd4 {[%emt 0:00:00]} Nf6 {[%emt 0:00:13]} 5. Nc3 {[%emt 0:00:00]} Nc6 {[%emt 0:00:01]} 6. Bg5 {[%emt 0:00:00]} e6 {[%emt 0:00:07]} 7. Qd2 {[%emt 0:00:00]} a6 {[%emt 0:00:01]} 8. O-O-O {[%emt 0:00:00]} Bd7 {[%emt 0:00:03]} 9. f4 {[%emt 0:00:03]} b5 {[%emt 0:00:21]} 10. Bxf6 {[%emt 0:00:11]} gxf6 {[%emt 0:00:06]} 11. Kb1 {[%emt 0:00:10]} Qb6 {[%emt 0:00:07]} 12. Nxc6 {[%emt 0:00:20]} Bxc6 {[%emt 0:00:04]} 13. f5 {[%emt 0:00:09]} Qc5 {[%emt 0:00:06]} 14. Bd3 {[%emt 0:03:46]} h5 {[%emt 0:00:39]} 15. Qe1 {[%emt 0:19:20]} b4 {[%emt 0:01:14]} 16. Nd5 {[%emt 0:05:55]} Bxd5 {[%emt 0:01:29]} 17. exd5 {[%emt 0:00:03]} e5 {[%emt 0:00:03]} 18. Qe2 {[%emt 0:06:25]} Ke7 {[%emt 0:09:30]} 19. h4 {[%emt 0:08:05]} a5 {[%emt 0:08:22]} 20. Bb5 {[%emt 0:05:51]} Rg8 {[%emt 0:03:40]} 21. Bc6 {[%emt 0:04:20]} Rb8 {[%emt 0:02:02]} 22. Rh3 {[%emt 0:05:46]} Bh6 {[%emt 0:02:55]} 23. Rb3 {[%emt 0:04:26]} Rg4 {[%emt 0:01:50]} 24. g3 {[%emt 0:01:30]} Rbg8 {[%emt 0:04:01]} 25. Ba4 {[%emt 0:06:34]} Rxg3 {[%emt 0:05:10]} 26. Rxg3 {[%emt 0:06:53]} Rxg3 {[%emt 0:00:16]} 27. Bb5 {[%emt 0:00:48]} Rg4 {[%emt 0:02:36]} 28. Bc6 {[%emt 0:03:11]} Rxh4 {[%emt 0:02:21]} 29. Rf1 {[%emt 0:04:24]} Rf4 {[%emt 0:06:45]} 30. Rxf4 {[%emt 0:02:33]} Bxf4 {[%emt 0:00:03]} 31. Bb5 {[%emt 0:01:31]} Qxd5 {[%emt 0:02:22]} 32. a4 {[%emt 0:00:59]} bxa3 {[%emt 0:00:37]} 33. bxa3 {[%emt 0:00:41]} h4 {[%emt 0:00:50]} 34. Bc4 {[%emt 0:01:13]} Qc5 {[%emt 0:01:08]} 35. Qe4 {[%emt 0:01:05]} Qb6+ {[%emt 0:01:35]} 36. Bb3 {[%emt 0:02:06]} Kf8 {[%emt 0:02:26]} 37. Qd5 {[%emt 0:00:40]} Qc7 {[%emt 0:00:04]} 38. Qa8+ {[%emt 0:00:42]} Kg7 {[%emt 0:00:30]} 39. Qf3 {[%emt 0:00:27]} Bg5 {[%emt 0:00:42]} 40. Bd5 {[%emt 0:00:53]} Qb6+ {[%emt 0:00:26]} 41. Ka2 {[%emt 0:00:09]} Qc5 {[%emt 0:07:32]} 42. c4 {[%emt 0:00:33]} Bc1 {[%emt 0:02:33]} 43. Qc3 {[%emt 0:02:16]} Qe3 {[%emt 0:02:57]} 44. Qxa5 {[%emt 0:00:20]} Qe2+ {[%emt 0:00:38]} 45. Kb3 {[%emt 0:00:25]} Qd1+ {[%emt 0:00:12]} 0-1

[Event "CCCSA IM Norm B 2019"]
[Site "Charlotte"]
[Date "2019.06.09"]
[Round "7.1"]
[White "Kumar, Nikhil"]
[Black "Francisco, Richard"]
[Result "0-1"]
[WhiteElo "2257"]
[BlackElo "2226"]
[Annotator "TA"]
[PlyCount "146"]
[EventDate "2019.06.05"]
[EventType "tourn"]
[EventCountry "USA"]
[SourceTitle "playchess.com"]
[Source "ChessBase"]
[SourceQuality "1"]

{[%evp 15,146,6,15,-20,-23,-33,-28,-26,-24,-47,-43,-47,0,0,0,0,0,-25,0,0,0,0,0,-15,-12,-37,-10,-16,-18,-39,-42,-39,0,0,0,0,0,0,0,-13,-5,-94,-91,-65,-59,-68,-68,-94,-65,-107,-95,-95,-83,-90,-87,-95,-95,-95,-95,-97,-97,-97,-90,-121,-121,-121,-121,-121,-106,-121,-81,-90,0,-116,-106,-121,-121,-121,-33,-117,-75,-117,-113,-98,-101,-121,-121,-121,-113,-121,-14,-121,0,-121,-121,-121,-121,-121,-121,-121,-121,-121,-121,-121,-121,-121,-121,-121,-121,-121,-121,-1177,-915,-12507,-12507,-12023,-9277,-9830,-8055,-7669,-9277,-12715,-10560,-7012,-6607,-6599,-6579,-6503,-6503,-6421,-5529,-1689,-1316]} 1. d4 Nf6 2. c4 e6 3. g3 Bb4+ 4. Bd2 Qe7 5. Bg2 Nc6 6. Nf3 Bxd2+ 7. Qxd2 Ne4 8. Qc2 Qb4+ $1 9. Nbd2 {E11: Bogo-Indian} (9. Nc3 {is interesting.} Nxc3 10. bxc3 Qxc4 11. O-O Qd5 12. a4) (9. Kf1 f5 10. a3 Qe7 11. b4 O-O 12. Nc3 Nxc3 13. Qxc3 d6 14. e3 e5 15. b5 exd4 16. Nxd4 Ne5 17. h3 {½-½ (40) Mamedyarov,S (2817)-Rapport,R (2731) Wijk aan Zee 2019}) 9... Nxd2 $1 10. Qxd2 Qxc4 11. O-O {Black has an edge.} Qb4 12. Qd3 d5 13. Rfc1 {[#]} f5 $146 ({Predecessor:} 13... Bd7 14. Rc2 Qe7 15. a3 O-O 16. Rac1 a5 {0-1 (43) Kociscak,J (2478)-Hracek,Z (2608) Prague 2016}) 14. Rc5 a6 15. a3 Qb6 $1 16. b4 O-O 17. Rac1 Bd7 18. Qe3 Rac8 19. Qf4 Ne7 20. h4 c6 21. Qd6 Qd8 22. R5c3 Ng6 23. h5 Qe7 24. Qc5 Qxc5 25. bxc5 Nh8 26. Ne5 Rc7 27. Rb1 Nf7 28. Nxd7 (28. Nd3 $11) 28... Rxd7 $17 29. f4 Re8 30. Rcb3 Ree7 31. Bf3 g6 32. hxg6 hxg6 33. e3 Nd8 34. Kf2 Rh7 35. Bg2 Rc7 36. Ke2 Kf7 37. Kd3 Rh2 38. R3b2 Ke8 39. Kc3 Rch7 40. Kb4 Kd7 41. a4 Kc8 42. a5 Nf7 43. Kc3 Nd8 (43... Nh8 $1 $17) 44. Kd3 (44. Kb4 $1 $11) 44... Rg7 45. Bf1 Rxb2 46. Rxb2 {[%mdl 4096] Endgame KRB-KRN} Rh7 (46... g5 $17 47. Rh2 Nf7) 47. Bg2 (47. Rg2 $1 $15) 47... Rh2 48. Rf2 Nf7 49. Ke2 g5 50. Ke1 {White wants to play Bxd5!} Kc7 51. Kf1 Rh7 52. Kg1 Nh6 (52... g4 $17) 53. Bf3 (53. fxg5 $11 {was the only way to keep the balance.} Ng4 {[%mdl 64] Double Attack} 54. Re2) 53... Nf7 (53... g4 $1 $17 {[%cal Rg4f3]} 54. Be2 Ng8) 54. Rh2 (54. Bg2 $11) 54... Rxh2 55. Kxh2 {Black must now prevent Bh5. KB-KN} g4 56. Be2 Kd7 57. Kg2 Nh6 58. Kf2 Ng8 59. Bd3 Nf6 60. Ke2 Ne8 61. Kd2 Nc7 62. Kc3 Kc8 63. Be2 $2 {[%mdl 8192] [#]} (63. Kd2 $17) 63... Ne8 $1 $19 {[%cal Re8g7] Black is clearly winning.} 64. Kd2 {[#]} Nf6 $1 {[%cal Rf6e4]} 65. Bd3 Nh5 66. Ke2 Nxg3+ 67. Kf2 Nh5 68. Kg2 Kd7 69. Kf2 Ke7 70. Be2 Kf6 71. Bd3 Kg6 72. Kg2 Nf6 73. Kg3 Kh5 {Accuracy: White = 28%, Black = 64%.} 0-1

[Event "CCCSA IM Norm B 2019"]
[Site "Charlotte"]
[Date "2019.06.09"]
[Round "7.2"]
[White "Homa, Seth"]
[Black "Mishra, Abhimanyu"]
[Result "0-1"]
[WhiteElo "2300"]
[BlackElo "2227"]
[Annotator "RC"]
[PlyCount "82"]
[EventDate "2019.06.05"]
[EventType "tourn"]
[EventCountry "USA"]
[SourceTitle "playchess.com"]
[Source "ChessBase"]
[SourceQuality "1"]
[TimeControl "5400+30"]

1. Nf3 {[%emt 0:00:00]} Nf6 {[%emt 0:00:00]} 2. e3 {[%emt 0:00:18]} g6 {[%emt 0:00:13]} 3. d4 {[%emt 0:00:25]} Bg7 {[%emt 0:00:35]} 4. c4 {[%emt 0:00:48]} c6 {[%emt 0:04:31]} 5. Nc3 {[%emt 0:01:28]} d5 {[%emt 0:00:49]} 6. h3 {[%emt 0:00:35]} O-O {[%emt 0:01:43]} 7. Bd3 {[%emt 0:01:41]} Nbd7 {[%emt 0:03:46]} 8. cxd5 {[%emt 0:00:22]} cxd5 {[%emt 0:02:06]} 9. Qb3 {[%emt 0:00:50]} e6 {[%emt 0:06:52]} 10. O-O {[%emt 0:00:36]} a6 {[%emt 0:07:18]} 11. a4 {[%emt 0:01:33]} b6 {[%emt 0:02:05]} 12. Bd2 {[%emt 0:00:14]} Bb7 {[%emt 0:01:42]} 13. Rfc1 {[%emt 0:00:47]} Ne4 {[%emt 0:04:20]} 14. Be1 {[%emt 0:00:24]} Rc8 {[%emt 0:07:35]} 15. Rc2 {[%emt 0:14:45]} Ndc5 {[%emt 0:03:52]} 16. dxc5 {[%emt 0:03:57]} Nxc5 {[%emt 0:00:49]} 17. Qa3 {[%emt 0:00:09]} Nxd3 {[%emt 0:00:07]} 18. Rd1 {[%emt 0:00:25]} Nxe1 {[%emt 0:05:04]} 19. Nxe1 {[%emt 0:00:03]} Rc6 {[%emt 0:05:24]} 20. Nf3 {[%emt 0:00:23]} Qc7 {[%emt 0:00:49]} 21. Nd4 {[%emt 0:00:02]} Rc4 {[%emt 0:01:35]} 22. Rcd2 {[%emt 0:00:02]} Qc5 {[%emt 0:05:16]} 23. Qa2 {[%emt 0:00:01]} Rc8 {[%emt 0:01:30]} 24. Rd3 {[%emt 0:00:30]} Qb4 {[%emt 0:01:49]} 25. Nc2 {[%emt 0:00:36]} Qe7 {[%emt 0:01:37]} 26. Nd4 {[%emt 0:00:35]} Be5 {[%emt 0:02:05]} 27. Nde2 {[%emt 0:00:16]} Qb4 {[%emt 0:02:40]} 28. Nd4 {[%emt 0:01:05]} h5 {[%emt 0:01:26]} 29. h4 {[%emt 0:00:31]} Bf6 {[%emt 0:01:20]} 30. g3 {[%emt 0:00:02]} Rd8 {[%emt 0:01:26]} 31. Nc2 {[%emt 0:00:29]} Qc5 {[%emt 0:01:48]} 32. Nd4 {[%emt 0:02:06]} Qc7 {[%emt 0:01:38]} 33. Qb1 {[%emt 0:02:33]} e5 {[%emt 0:03:07]} 34. Nde2 {[%emt 0:01:41]} d4 {[%emt 0:01:04]} 35. exd4 {[%emt 0:00:03]} exd4 {[%emt 0:00:06]} 36. b3 {[%emt 0:00:09]} Rxc3 {[%emt 0:00:29]} 37. Nxc3 {[%emt 0:00:09]} dxc3 {[%emt 0:00:06]} 38. Rxd8+ {[%emt 0:01:21]} Bxd8 {[%emt 0:00:07]} 39. Qd3 {[%emt 0:00:08]} Bf6 {[%emt 0:01:41]} 40. Kf1 {[%emt 0:01:43]} Qc6 {[%emt 0:00:22]} 41. Qe3 {[%emt 0:00:15]} Qe4 {[%emt 0:01:21]} 0-1

[Event "CCCSA IM Norm B 2019"]
[Site "Charlotte"]
[Date "2019.06.09"]
[Round "7.3"]
[White "Ynojosa Aponte, Felix Jose"]
[Black "Zapata, Alonso"]
[Result "1/2-1/2"]
[WhiteElo "2386"]
[BlackElo "2427"]
[Annotator "TA"]
[PlyCount "17"]
[EventDate "2019.06.05"]
[EventType "tourn"]
[EventCountry "USA"]
[SourceTitle "playchess.com"]
[Source "ChessBase"]
[SourceQuality "1"]

{[%evp 12,17,15,0,9,1,40,54]} 1. e4 e6 2. d4 d5 3. exd5 exd5 4. Nf3 Bd6 5. Bd3 Ne7 6. O-O O-O 7. h3 c6 {C01: French: Exchange Variation} (7... Bf5 8. Nc3 c6 9. Re1 Bxd3 10. Qxd3 {½-½ (10) Asrian,K (2621)-Lputian,S (2616) Yerevan 2008}) 8. Re1 Ng6 9. c4 $146 ({Predecessor:} 9. Ne5 Nd7 10. Nxg6 fxg6 11. Nd2 Nf6 12. Nf3 Bf5 13. Bxf5 gxf5 14. Bg5 h6 15. Bxf6 Qxf6 {½-½ (30) Sun,C (2110)-Guo,W (1838) Penang 2018}) 1/2-1/2

[Event "CCCSA IM Norm B 2019"]
[Site "Charlotte"]
[Date "2019.06.09"]
[Round "7.4"]
[White "Sinha, Sahil"]
[Black "Lokander, Martin"]
[Result "1/2-1/2"]
[WhiteElo "2283"]
[BlackElo "2429"]
[Annotator "TA"]
[PlyCount "48"]
[EventDate "2019.06.05"]
[EventType "tourn"]
[EventCountry "USA"]
[SourceTitle "playchess.com"]
[Source "ChessBase"]
[SourceQuality "1"]

{[%evp 14,48,18,16,15,19,25,-6,-6,-8,-7,0,0,-14,0,-12,0,-14,-11,-14,0,-14,-21,-15,0,0,0,0,0,0,0,0,0,-4,0,0,0]} 1. d4 Nf6 2. c4 g6 3. Nc3 d5 4. cxd5 Nxd5 5. Bd2 Bg7 6. e4 Nxc3 7. Bxc3 O-O 8. Qd2 Nd7 {D85: Exchange Grünfeld: Unusual White 7th moves and lines with 7 Nf3} (8... c5 9. d5 Bxc3 10. bxc3 Qd6 11. f4 e6 12. Bc4 b5 13. Bxb5 exd5 14. Bc4 Bb7 15. Nf3 Rd8 16. Bxd5 Bxd5 17. Qxd5 Qxd5 18. exd5 Rxd5 {½-½ (29) Tomashevsky,E (2702)-Nepomniachtchi,I (2768) Satka 2018}) 9. Nf3 b6 10. h3 $146 ({Predecessor:} 10. Bd3 e6 11. O-O c5 12. Rfd1 Bb7 13. Qe3 Qe7 14. Be2 Rac8 15. Rac1 Rfd8 16. dxc5 Bxc3 17. Rxc3 Nxc5 {0-1 (51) Levin,E (2516)-Alekseenko,K (2636) Sochi 2019}) 10... e6 {The position is equal.} 11. Be2 Bb7 12. Qe3 c5 13. e5 Qe7 14. O-O Rac8 15. Rac1 Rfd8 16. Rfd1 Bd5 17. a3 cxd4 18. Bxd4 Nc5 19. b4 Nb3 20. Rxc8 Rxc8 21. Bb2 {[#] Strongly threatening Rxd5!} Qb7 22. Ne1 {And now Bf3 would win.} a5 23. Bf3 Bxf3 24. Nxf3 a4 {Accuracy: White = 53%, Black = 60%.} 1/2-1/2